01010nam a2200229 a 450000100100000000500170001000800410002702000150006804100080008304300120009108200280010311000980013124501310022926001240036030000540048465000380053865000410057665000390061765000310065665000560068765000370074300008747520200120225001.0190828s2006 ck ao gr|||| 000 | spa d a95818031650 aspa as-ck---04a303.60986152bC65vc2212 aColombia.bVicepresidencia.bObservatorio del Programa Presidencial de Derechos Humanos y DIH10aDinámica reciente de la violencia en el norte del Valle /cObservatorio del Programa Presidencial de Derechos Humanos y DIH. aBogotá :bVicepresidencia de la RepúblicabObservatorio del Programa Presidencial de Derechos Humanos y DIH,c2006. a61 páginas :bilustraciones, mapas, gráficos.14aNarcotráfico|zzValle del Cauca24aViolenciaxHistoriazValle del Cauca24aCrimen organizadozValle del Cauca24aSecuestrozValle del Cauca24aDesmovilización de paramilitareszValle del Cauca24aParamilitarismozValle del Cauca